ARRUPE JESUIT UNIVERSITY

CORONAVIRUS -STOP THE SPREAD - CLEAN,DISINFECT,COVER

Pope Francis (Record no. 119520)

MARC details
000 -LEADER
fixed length control field 00384nam a22001337a 4500
008 - FIXED-LENGTH DATA ELEMENTS--GENERAL INFORMATION
fixed length control field 140110b xxu||||| |||| 00| 0 eng d
050 ## - LIBRARY OF CONGRESS CALL NUMBER
Classification number BX1378.7.V187 2013
100 ## - MAIN ENTRY--PERSONAL NAME
Personal name Vallely, Paul
9 (RLIN) 6518
245 ## - TITLE STATEMENT
Title Pope Francis
Remainder of title Untying the knots
Statement of responsibility, etc Paul Vallely
260 ## - PUBLICATION, DISTRIBUTION, ETC. (IMPRINT)
Place of publication, distribution, etc London
Name of publisher, distributor, etc Bloomsbury
Date of publication, distribution, etc 2013
300 ## - PHYSICAL DESCRIPTION
Extent xii; 227p.;
Dimensions 22cm
600 ## - SUBJECT ADDED ENTRY--PERSONAL NAME
Personal name Francis
9 (RLIN) 6519
942 ## - ADDED ENTRY ELEMENTS (KOHA)
Source of classification or shelving scheme Library of Congress Classification
Item type Monograph ( Printed materials)
Koha issues (borrowed), all copies 1
Holdings
Withdrawn status Lost status Source of classification or shelving scheme Damaged status Not for loan Home library Current library Date acquired Total Checkouts Full call number Barcode Date last seen Date last borrowed Price effective from Koha item type
    Library of Congress Classification     ARRUPE LIBRARY ARRUPE LIBRARY 10/01/2014 1 BX1378.7.V187 2013 464122820 22/11/2017 13/01/2014 10/01/2014 Monograph ( Printed materials)

 

Arrupe Library. PO Box MP320 Mt Pleasant, Harare, Zimbabwe
263 242 745411|librarian@aju.ac.zw